00553nam a22001817a 450000700030000000800410000302000220004404000140006604100100008010000200009024500480011026000300015830000190018852100820020763000240028965000370031370000210035000160621b xxu||||| |||| 00| 0 eng d a978-1-905209-71-1 aBUACcBUC aFre.. aSanchez, Javier aUMTSc/ par Javier Sanchez, Mamadou Thioune aLondon :bEd. Iste,c2007 a422 p.c24 cm. aCompr. Bibliogr à la fin de chaque chapitre de vol. Index : pp. (417 - 422) aSCIENCES APPLIQUEES 2Télécommunication : réseau aThioune, Mamadou